Culture Marseille - Statistiques

Statistiques générales
  • Ce quiz a été pris 500 fois
  • Le résultat moyen est 21 sur 30
Statistiques - réponses
Hint Réponse % Correct
Date (JJ/MM/AAAA) de la victoire en LDC 26/05.1993
90%
Boisson emblématique Pastis
89%
Village limitrophe commençant par A Allauch
88%
Groupe de rap en 3 lettres IAM
87%
Autre rival OL
87%
Deuxième 'sport' pratiqué Pétanque
87%
Rappeur le plus connu Jul
85%
Edmond Dantès s'en est échappé Chateau d'If
84%
Insecte de l'été Cigales
82%
Influenceur qui casse des télé Mohammed Henni
82%
À Marseille on danse ? Le mia
81%
Auteur le plus célébre Marcel Pagnol
79%
Rival de l'OM PSG
78%
Joueur le plus capé de l'OM Steve Mandanda
77%
Buteur lors de ce match Basile Boli
75%
Les plages où y'a des cramés qui font des chichas et qui sont polluées Plage du Prado
73%
Arrondissement le plus riche 8ème
71%
Supporter de l'OM décédé il y a 3ans, célèbre pour ses réactions et certaines phrases René Malleville
71%
poids chiches frits panisse
69%
Centre commercial où se trouve le R2 Les terrasses du port
61%
Équipe ayant battu l'OM lors de la 1ère finale de C1 en 1991 Belgrade
57%
Sport principal Foot
56%
Transfert le plus cher de l'histoire de l'OM Vithina
52%
Le bout du monde Les Goudes
50%
Esplanade du nom d'un président américain d'où les jeunes sautent La corniche
48%
Boite de nuit mythique Le Trolley
47%
Théatre sur le port La criée
45%
Joueur qui par son but offre le dernier championnat à l'OM Lucho
44%
Sucrerie du fort Saint Victor Navette
44%
Bar qui propose des "buckets" sur le Vieux-Port L'exit
40%
Aucun quiz correspondant
Distribution des résultats
% des personnes avec chaque résultat
Percentile par nombre de réponses
Votre historique - résultats
Vous n’avez pas pris ce quiz